Cieľom je postupové miesto rozhovor s Petrom Drobňákom

Bibliographic Details
Main Author: Drobňák, Peter (Author)
Format: Article
Language:Slovak
Subjects:

MARC

LEADER 00000nab a2200000 ar4500
001 vtls008828316
003 SK-MaSNL
005 20260303062824.0
008 171110c2005 xo wr|n|||||||000 b|slo
015 |a SLLK2005  |2 sllk 
038 |a SLLK 
040 |a SLLK  |b slo  |c sllk  |e AACR2 
041 0 |a slo 
044 |a xo  |c SK 
080 |a 796.332  |2 1997 
245 0 0 |a Cieľom je postupové miesto  |b rozhovor s Petrom Drobňákom  |c Text a foto (bk) 
300 |b Fotogr. 
610 2 7 |a Futbalový klub Stará Ľubovňa  |2 snkbucl  |9 1022619 
650 0 7 |a šport  |2 snkbucl  |9 1042 
650 0 7 |a futbal  |x 3. liga  |y sezóna 2005/2006  |x prípravy  |2 snkbucl  |9 1055990 
651 7 |a Stará Ľubovňa (Slovensko)  |2 snkbucl  |9 19193 
700 1 |a Drobňák, Peter  |4 aut  |9 1022968 
773 0 |t Ľubovnianske noviny  |g Roč. XXXI, č. 31 (2005) s. 6 
852 |a SLLK  |b KIS3GCP 
999 |c 1740708  |d 1742638